000 00641nam a22001937a 4500
999 _c62062
_d62062
005 20240702113243.0
008 240702s2015 enk||||| |||| 00| 0 eng d
020 _a9781446207499x
041 _aeng
080 _a174 I-85
100 _aIsrael, Mark
_922643
245 _aResearch Ethics and Integrity for Social Scientists:
_bBeyond Regulatory Compliance /
_cMark Israel.
250 _a2nd Edition
264 _aLos Angeles :
_bSAGE,
_c2015.
300 _a264 p.;
_b25 cm.
653 _aკვლევის ეთიკა
653 _aსოციალური მეცნიერებები
942 _2udc
_cᲬᲘᲒᲜᲘ